Exchange Rate Assessments : CGER Methodologies /

The rapid increase in international trade and financial integration over the past decade and the growing importance of emerging markets in world trade and GDP have inspired the IMF to place stronger emphasis on multilateral surveillance, macro-financial linkages, and the implications of globalizatio...

Descrición completa

Detalles Bibliográficos
Autor Principal: Ricci, Luca
Outros autores: Lee, Jaewoo, Ostry, Jonathan, Prati, Alessandro
Formato: Revista
Idioma:English
Publicado: Washington, D.C. : International Monetary Fund, 2008.
Series:Occasional Papers; Occasional Paper ; No. 2008/002
Acceso en liña:Full text available on IMF
LEADER 01871cas a2200277 a 4500
001 AALejournalIMF014716
008 230101c9999 xx r poo 0 0eng d
020 |c 15.00 USD 
020 |z 9781589066380 
022 |a 0251-6365 
040 |a BD-DhAAL  |c BD-DhAAL 
100 1 |a Ricci, Luca. 
245 1 0 |a Exchange Rate Assessments :   |b CGER Methodologies /  |c Luca Ricci, Jonathan Ostry, Jaewoo Lee, Alessandro Prati. 
264 1 |a Washington, D.C. :  |b International Monetary Fund,  |c 2008. 
300 |a 1 online resource (33 pages) 
490 1 |a Occasional Papers 
500 |a <strong>Off-Campus Access:</strong> No User ID or Password Required 
500 |a <strong>On-Campus Access:</strong> No User ID or Password Required 
506 |a Electronic access restricted to authorized BRAC University faculty, staff and students 
520 3 |a The rapid increase in international trade and financial integration over the past decade and the growing importance of emerging markets in world trade and GDP have inspired the IMF to place stronger emphasis on multilateral surveillance, macro-financial linkages, and the implications of globalization. The IMF's Consultative Group on Exchange Rate Issues (CGER)--formed in the mid-1990s to provide exchange rate assessments for a number of advanced economies from a multilateral perspective--has therefore broadened its mandate to cover both key advanced economies and major emerging market economies. This Occasional Paper summarizes the methodologies that underpin the expanded analysis. 
538 |a Mode of access: Internet 
700 1 |a Lee, Jaewoo. 
700 1 |a Ostry, Jonathan. 
700 1 |a Prati, Alessandro. 
830 0 |a Occasional Papers; Occasional Paper ;  |v No. 2008/002 
856 4 0 |z Full text available on IMF  |u http://elibrary.imf.org/view/books/084/04596-9781589066380-en/04596-9781589066380-en-book.xml  |z IMF e-Library